000 00611nam a2200229Ia 4500
003 OSt
005 20220918200800.0
006 a|||||r|||| 00| 0
007 ta
008 220917b |||||||| |||| 00| 0 eng d
024 _a90,172
037 _cTextual
040 _aARTS
_cARTS
_beng
041 _2eng
_aeng
082 _aU6:1:N5, J8 (UD)
100 _aDeasy Geoge P
_995458
245 0 _aWorld Nations
_b an ecnomic and regional geography
260 _c1958
650 _aCOMMERCIAL GEOGRAPHY
_91466
942 _hU6:1:N5, J8 (UD)
_cTEXL
_2CC
999 _c213840
_d213840